Calcott v JS Bloor (Measham) Ltd (Record no. 56439)

MARC details
000 -LEADER
fixed length control field 01013cab a2200217 4500
001 - CONTROL NUMBER
control field ABS59498
008 - FIXED-LENGTH DATA ELEMENTS--GENERAL INFORMATION
fixed length control field 090401t1998 xxu||||| |||| 00| 0 eng d
035 ## - SYSTEM CONTROL NUMBER
System control number (Sirsi) u89235
041 ## - LANGUAGE CODE
Language code of text/sound track or separate title eng
245 ## - TITLE STATEMENT
Title Calcott v JS Bloor (Measham) Ltd
260 ## - PUBLICATION, DISTRIBUTION, ETC.
Date of publication, distribution, etc. 1998
350 ## - PRICE (NR) (BK AM CF MU VM SE) [OBSOLETE]
Price 0
490 ## - SERIES STATEMENT
Series statement Estates Gazette
Volume/sequential designation [1998] 40 EG 180-182(3)
520 ## - SUMMARY, ETC.
Summary, etc. CA 17 February 1998. C held an agriculural tenancy by agreement dated 11 June 1993, due to expire on 30 November 1993. This was a backdated agreement, but was caught by the provisions under the Agricultural Holdings Act 1986 s2. In 1997 new landlords B gave notice to quit, claiming date of expiry to be 30 November 1998. C contended the expiry to be 11 June 1999. C`s appeal against an earlier decision in favour of B was allowed.
650 ## - SUBJECT ADDED ENTRY--TOPICAL TERM
Topical term or geographic name entry element AGRICULTURAL HOLDINGS ACT 1986 S2
650 ## - SUBJECT ADDED ENTRY--TOPICAL TERM
Topical term or geographic name entry element CALCOTT V JS BLOOR (MEASHAM) LTD
650 ## - SUBJECT ADDED ENTRY--TOPICAL TERM
Topical term or geographic name entry element EXPIRY DATE
690 ## - LOCAL SUBJECT ADDED ENTRY--TOPICAL TERM (OCLC, RLIN)
Topical term or geographic name as entry element LANDLORD AND TENANT-CASE LAW-AGRICULTURAL TENANCIES
942 ## - ADDED ENTRY ELEMENTS (KOHA)
Suppress in OPAC 0
948 ## - LOCAL PROCESSING INFORMATION (OCLC); SERIES PART DESIGNATOR (RLIN)
c (OCLC) 23/10/1998
Holdings
Withdrawn status Lost status Source of classification or shelving scheme Damaged status Not for loan Home library Current library Shelving location Date acquired Total Checkouts Full call number Barcode Date last seen Copy number Price effective from Koha item type
    Dewey Decimal Classification     London London Journal article 14/09/1999   ABS59498 89235-1001 06/08/2019 1 06/08/2019 Law report